000 00544nam a2200157Ia 4500
005 20250424120300.0
008 250424s9999 xx 000 0 und d
022 _a23156546
050 _aT 28.N6 .N494/
245 0 _aJournal of laboratory science (JLS)
260 _aIbadan
260 _bDevelopment Universal Consortia
260 _c2012
650 _aNigerian Institute of Science Laboratory Technology--Periodicals. Technologists--Accreditation--Nigeria--Periodicals. Technologists--Training of--Nigeria--Periodicals.
942 _cSR
999 _c38421
_d38421